<?xml version="1.0" encoding="UTF-8"?>
<record
    xmlns:xsi="http://www.w3.org/2001/XMLSchema-instance"
    xsi:schemaLocation="http://www.loc.gov/MARC21/slim http://www.loc.gov/standards/marcxml/schema/MARC21slim.xsd"
    xmlns="http://www.loc.gov/MARC21/slim">

  <leader>00515nam a22001817a 4500</leader>
  <controlfield tag="005">20251126183122.0</controlfield>
  <controlfield tag="008">251121b        |||||||| |||| 00| 0 eng d</controlfield>
  <datafield tag="020" ind1=" " ind2=" ">
    <subfield code="a">978-81-962762-6-3</subfield>
  </datafield>
  <datafield tag="041" ind1=" " ind2=" ">
    <subfield code="a">eng</subfield>
  </datafield>
  <datafield tag="082" ind1=" " ind2=" ">
    <subfield code="a">616.9041 MAN-A</subfield>
  </datafield>
  <datafield tag="100" ind1=" " ind2=" ">
    <subfield code="a">MANE, DR. ROHIT SHANKAR </subfield>
    <subfield code="9">8747</subfield>
  </datafield>
  <datafield tag="245" ind1=" " ind2=" ">
    <subfield code="a">APPLIED MICROBIOLOGY: FOR MEDICAL SCIENCES, LIFE SCIENCE NURSING &amp; PHARMACY</subfield>
  </datafield>
  <datafield tag="250" ind1=" " ind2=" ">
    <subfield code="a">1ST ED. 2023</subfield>
  </datafield>
  <datafield tag="260" ind1=" " ind2=" ">
    <subfield code="a">HYDERABAD</subfield>
    <subfield code="b">TAURUS PUBLISHERS</subfield>
    <subfield code="c">2023</subfield>
  </datafield>
  <datafield tag="300" ind1=" " ind2=" ">
    <subfield code="a">674;P</subfield>
  </datafield>
  <datafield tag="650" ind1=" " ind2=" ">
    <subfield code="a">PHARMACY</subfield>
    <subfield code="x">B.PHARMA</subfield>
  </datafield>
  <datafield tag="942" ind1=" " ind2=" ">
    <subfield code="c">BK</subfield>
  </datafield>
  <datafield tag="999" ind1=" " ind2=" ">
    <subfield code="c">8933</subfield>
    <subfield code="d">8931</subfield>
  </datafield>
  <datafield tag="952" ind1=" " ind2=" ">
    <subfield code="0">0</subfield>
    <subfield code="1">0</subfield>
    <subfield code="4">0</subfield>
    <subfield code="7">0</subfield>
    <subfield code="8">PHARMACY</subfield>
    <subfield code="a">JRU</subfield>
    <subfield code="b">JRU</subfield>
    <subfield code="d">2025-11-14</subfield>
    <subfield code="e">PURCHASE</subfield>
    <subfield code="g">1600.00</subfield>
    <subfield code="l">0</subfield>
    <subfield code="o">616.9041</subfield>
    <subfield code="p">29041</subfield>
    <subfield code="r">2025-11-21 12:13:22</subfield>
    <subfield code="w">2025-11-14</subfield>
    <subfield code="y">BK</subfield>
  </datafield>
</record>
